| 000 | 00402nam a22001577a 4500 | ||
|---|---|---|---|
| 003 | OSt | ||
| 005 | 20140717102100.0 | ||
| 008 | 140717s2014 sp ||||| |||| 00| 0 cat d | ||
| 020 | _a9788498092899 | ||
| 040 |
_bcat _cCPC Lleida |
||
| 100 |
_94574 _aSoler, Esteve |
||
| 245 | 1 | 0 |
_aEscòcia, joc de miralls _cEsteve Soler |
| 260 |
_aBarcelona _bPòrtic _c2014 |
||
| 300 |
_a140 p. _c21,5 cm |
||
| 942 |
_cMON _2udc |
||
| 999 |
_c6746 _d6746 |
||